Задачи с решениями по высшей математике и математическим методам в экономике: учебное пособие

Dades bibliogràfiques
Autor principal: Самаров К. Л. Ким Леонидович
Altres autors: Шапкин А. С. Александр Сергеевич
Sumari:Материал охватывает вопросы программы курса высшей математики: общий курс, теория вероятностей и математическая статистика, математическое программирование, финансовая математика и эконометрика. Пособие является руководством к решению задач по основам высшей математики и математическим методам в экономике и содержит задачи для контрольных работ. Перед каждым параграфом дан необходимый справочный материал. Все задачи приводятся с подробными решениями. В конце разделов даны решения типовых задач контрольных работ. Отдельные задачи иллюстрированы соответствующими рисунками. Пособие предназначено для студентов инженерно-экономических специальностей вузов.
Idioma:rus
Publicat: Москва, Дашков и К, 2007
Matèries:
Format: MixedMaterials Llibre
KOHA link:https://koha.lib.tpu.ru/cgi-bin/koha/opac-detail.pl?biblionumber=117920

MARC

LEADER 00000nam0a2200000 4500
001 117920
005 20231101215432.0
010 |a 5911312506 
035 |a (RuTPU)RU\TPU\book\127631 
090 |a 117920 
100 |a 20070606d2007 m y0rusy50 ca 
101 0 |a rus 
102 |a RU 
105 |a a j 001zy 
200 1 |a Задачи с решениями по высшей математике и математическим методам в экономике  |e учебное пособие  |f К. Л. Самаров, А. С. Шапкин 
210 |a Москва  |c Дашков и К  |d 2007 
215 |a 548 с.  |c ил. 
320 |a Список литературы: с. 542-543. 
330 |a Материал охватывает вопросы программы курса высшей математики: общий курс, теория вероятностей и математическая статистика, математическое программирование, финансовая математика и эконометрика. Пособие является руководством к решению задач по основам высшей математики и математическим методам в экономике и содержит задачи для контрольных работ. Перед каждым параграфом дан необходимый справочный материал. Все задачи приводятся с подробными решениями. В конце разделов даны решения типовых задач контрольных работ. Отдельные задачи иллюстрированы соответствующими рисунками. Пособие предназначено для студентов инженерно-экономических специальностей вузов. 
606 1 |a Экономика  |x Математические методы  |2 stltpush  |3 (RuTPU)RU\TPU\subj\80754  |9 88355 
610 1 |a высшая математика 
610 1 |a экономика 
610 1 |a математические методы 
610 1 |a задачи 
610 1 |a решения 
610 1 |a учебные пособия 
610 1 |a аналитическая геометрия 
610 1 |a векторная алгебра 
610 1 |a линейная алгебра 
610 1 |a дифференциальное исчисление 
610 1 |a интегральное исчисление 
610 1 |a дифференциальные уравнения 
610 1 |a ряды 
610 1 |a теория вероятностей 
610 1 |a математическая статистика 
610 1 |a линейное программирование 
610 1 |a финансовая математика 
610 1 |a эконометрика 
610 1 |a решебники 
675 |a 51(076)  |v 3 
686 |a Ув631я73  |v LBC/SL-A  |2 rubbk 
700 1 |a Самаров  |b К. Л.  |g Ким Леонидович 
701 1 |a Шапкин  |b А. С.  |g Александр Сергеевич 
801 1 |a RU  |b 63413507  |c 20070606  |g PSBO 
801 2 |a RU  |b 63413507  |c 20220907  |g PSBO 
900 |a Высшая математика 
900 |a Прикладная математика 
900 |a Математические методы в экономике 
942 |c BK 
951 |b 080116  |b 080100 
959 |a 47/20070604  |d 1  |e 198,00  |f ЧЗТЛ:1